<?xml version='1.0' encoding='UTF-8'?>
  <record xmlns="http://www.loc.gov/MARC21/slim">
    <leader>00000ctm a2200000 i 4500</leader>
    <controlfield tag="001">on1066751523</controlfield>
    <controlfield tag="003">OCoLC</controlfield>
    <controlfield tag="005">20220505165257.9</controlfield>
    <controlfield tag="008">181122s14uu    xx            000 0 heb d</controlfield>
    <datafield tag="040" ind1=" " ind2=" ">
      <subfield code="a">QGJ</subfield>
      <subfield code="b">eng</subfield>
      <subfield code="e">rda</subfield>
      <subfield code="e">dcrmmss</subfield>
      <subfield code="c">QGJ</subfield>
      <subfield code="d">OCLCQ</subfield>
      <subfield code="d">OCLCO</subfield>
      <subfield code="d">QGJ</subfield>
      <subfield code="d">OCLCO</subfield>
    </datafield>
    <datafield tag="066" ind1=" " ind2=" ">
      <subfield code="c">(2</subfield>
    </datafield>
    <datafield tag="035" ind1=" " ind2=" ">
      <subfield code="a">(OCoLC)1066751523</subfield>
    </datafield>
    <datafield tag="130" ind1="0" ind2=" ">
      <subfield code="a">Maḥzor.</subfield>
      <subfield code="p">Yom Kippur.</subfield>
      <subfield code="p">Musaf.</subfield>
      <subfield code="l">Hebrew.</subfield>
    </datafield>
    <datafield tag="245" ind1="1" ind2="0">
      <subfield code="a">Tefilat Musaf le-Yom Kipur :</subfield>
      <subfield code="k">manuscript fragment,</subfield>
      <subfield code="f">UBU Hs. fr. 5.3. B.</subfield>
    </datafield>
    <datafield tag="264" ind1=" " ind2="0">
      <subfield code="a">[Place of production not identified],</subfield>
      <subfield code="c">[between 1400 and 1499?]</subfield>
    </datafield>
    <datafield tag="300" ind1=" " ind2=" ">
      <subfield code="a">1 sheet, two-sided ;</subfield>
      <subfield code="c">298 x 193 (265 x 167) mm</subfield>
    </datafield>
    <datafield tag="336" ind1=" " ind2=" ">
      <subfield code="a">text</subfield>
      <subfield code="b">txt</subfield>
      <subfield code="2">rdacontent</subfield>
    </datafield>
    <datafield tag="337" ind1=" " ind2=" ">
      <subfield code="a">unmediated</subfield>
      <subfield code="b">n</subfield>
      <subfield code="2">rdamedia</subfield>
    </datafield>
    <datafield tag="338" ind1=" " ind2=" ">
      <subfield code="a">sheet</subfield>
      <subfield code="b">nb</subfield>
      <subfield code="2">rdacarrier</subfield>
    </datafield>
    <datafield tag="340" ind1=" " ind2=" ">
      <subfield code="a">parchment</subfield>
      <subfield code="2">rdamat</subfield>
    </datafield>
    <datafield tag="500" ind1=" " ind2=" ">
      <subfield code="a">Manuscript waste removed from print book: Petrus Gnodalius, Der Peürisch vnd protestierende Krieg ... - Basel : Sebastian Henricpetri, 1573. - Copy: Universiteitsbibliotheek Utrecht S fol 1480.</subfield>
    </datafield>
    <datafield tag="500" ind1=" " ind2=" ">
      <subfield code="a">Includes the piyutim: Mi yaároch alecha maáne lesefer (rows 90-101 only), Az melifnei bereshit [Az melifnei bereshit dat vakes heshit, Az melifnei bereshit avot ubanim heshit, Az melifnei bereshit nave veyinon heshit, Az melifnei bereshit shiva ele heshit (last 5 rows missing)].</subfield>
    </datafield>
    <datafield tag="500" ind1=" " ind2=" ">
      <subfield code="a">The chazzan verses are marked by a one-two catch-words, with cantillation symbols.</subfield>
    </datafield>
    <datafield tag="500" ind1=" " ind2=" ">
      <subfield code="a">At the end of some of the rows appears an abbreviated form of the first word of the next row.</subfield>
    </datafield>
    <datafield tag="520" ind1=" " ind2=" ">
      <subfield code="a">Fragment of Musaf service for the Day of Atonement.</subfield>
    </datafield>
    <datafield tag="524" ind1="8" ind2=" ">
      <subfield code="a">Cite as: Universiteitsbibliotheek Utrecht Hs. fr. 5.3. B.</subfield>
    </datafield>
    <datafield tag="650" ind1=" " ind2="0">
      <subfield code="a">High Holidays</subfield>
      <subfield code="x">Prayers and devotions.</subfield>
    </datafield>
    <datafield tag="650" ind1=" " ind2="0">
      <subfield code="a">Judaism</subfield>
      <subfield code="v">Prayers and devotions.</subfield>
    </datafield>
    <datafield tag="650" ind1=" " ind2="0">
      <subfield code="a">Judaism</subfield>
      <subfield code="x">Liturgy</subfield>
      <subfield code="v">Texts.</subfield>
    </datafield>
    <datafield tag="650" ind1=" " ind2="0">
      <subfield code="a">Piyutim.</subfield>
    </datafield>
    <datafield tag="650" ind1=" " ind2="0">
      <subfield code="a">Jewish religious poetry, Hebrew.</subfield>
    </datafield>
    <datafield tag="650" ind1=" " ind2="6">
      <subfield code="a">Judaïsme</subfield>
      <subfield code="v">Prières et dévotions.</subfield>
    </datafield>
    <datafield tag="650" ind1=" " ind2="6">
      <subfield code="a">Judaïsme</subfield>
      <subfield code="x">Liturgie</subfield>
      <subfield code="v">Textes.</subfield>
    </datafield>
    <datafield tag="650" ind1=" " ind2="6">
      <subfield code="a">Piyyuṭim.</subfield>
    </datafield>
    <datafield tag="650" ind1=" " ind2="6">
      <subfield code="a">Poésie religieuse juive hébraïque.</subfield>
    </datafield>
    <datafield tag="650" ind1=" " ind2="7">
      <subfield code="a">High Holidays.</subfield>
      <subfield code="2">fast</subfield>
      <subfield code="0">(OCoLC)fst00955991</subfield>
    </datafield>
    <datafield tag="650" ind1=" " ind2="7">
      <subfield code="a">Jewish religious poetry, Hebrew.</subfield>
      <subfield code="2">fast</subfield>
      <subfield code="0">(OCoLC)fst00982953</subfield>
    </datafield>
    <datafield tag="650" ind1=" " ind2="7">
      <subfield code="a">Judaism.</subfield>
      <subfield code="2">fast</subfield>
      <subfield code="0">(OCoLC)fst00984280</subfield>
    </datafield>
    <datafield tag="650" ind1=" " ind2="7">
      <subfield code="a">Judaism</subfield>
      <subfield code="x">Liturgy.</subfield>
      <subfield code="2">fast</subfield>
      <subfield code="0">(OCoLC)fst00984346</subfield>
    </datafield>
    <datafield tag="650" ind1=" " ind2="7">
      <subfield code="a">Piyutim.</subfield>
      <subfield code="2">fast</subfield>
      <subfield code="0">(OCoLC)fst01064963</subfield>
    </datafield>
    <datafield tag="655" ind1=" " ind2="7">
      <subfield code="a">Prayers and devotions.</subfield>
      <subfield code="2">fast</subfield>
      <subfield code="0">(OCoLC)fst01423909</subfield>
    </datafield>
    <datafield tag="655" ind1=" " ind2="7">
      <subfield code="a">Texts.</subfield>
      <subfield code="2">fast</subfield>
      <subfield code="0">(OCoLC)fst01423705</subfield>
    </datafield>
    <datafield tag="710" ind1="2" ind2=" ">
      <subfield code="a">Universiteit Utrecht.</subfield>
      <subfield code="b">Bibliotheek.</subfield>
      <subfield code="k">Manuscript</subfield>
      <subfield code="n">(Hs. fr. 5.3. B)</subfield>
    </datafield>
    <datafield tag="740" ind1="0" ind2=" ">
      <subfield code="6">880-01</subfield>
      <subfield code="a">Az melifnei bereshit dat vakes heshit</subfield>
    </datafield>
    <datafield tag="740" ind1="0" ind2=" ">
      <subfield code="6">880-02</subfield>
      <subfield code="a">Az melifnei bereshit avot ubanim heshit</subfield>
    </datafield>
    <datafield tag="740" ind1="0" ind2=" ">
      <subfield code="6">880-03</subfield>
      <subfield code="a">Az melifnei bereshit nave veyinon heshit</subfield>
    </datafield>
    <datafield tag="740" ind1="0" ind2=" ">
      <subfield code="6">880-04</subfield>
      <subfield code="a">Az melifnei bereshit shiv'a ele heshit</subfield>
    </datafield>
    <datafield tag="880" ind1="3" ind2=" ">
      <subfield code="6">246-00/(2/r</subfield>
      <subfield code="a">תפילת מוסף ליום כיפור</subfield>
    </datafield>
    <datafield tag="880" ind1="0" ind2=" ">
      <subfield code="6">740-01/(2/r</subfield>
      <subfield code="a">אז מלפני בראשית דת וכס השית</subfield>
    </datafield>
    <datafield tag="880" ind1="0" ind2=" ">
      <subfield code="6">740-02/(2/r</subfield>
      <subfield code="a">אז מלפני בראשית אבות ובנים השית</subfield>
    </datafield>
    <datafield tag="880" ind1="0" ind2=" ">
      <subfield code="6">740-03/(2/r</subfield>
      <subfield code="a">אז מלפני בראשית נוה וינון השית</subfield>
    </datafield>
    <datafield tag="880" ind1="0" ind2=" ">
      <subfield code="6">740-04/(2/r</subfield>
      <subfield code="a">אז מלפני בראשית שבעה אלה השית</subfield>
    </datafield>
  </record>